<?xml version="1.0" encoding="UTF-8"?>
<record
    xmlns:xsi="http://www.w3.org/2001/XMLSchema-instance"
    xsi:schemaLocation="http://www.loc.gov/MARC21/slim http://www.loc.gov/standards/marcxml/schema/MARC21slim.xsd"
    xmlns="http://www.loc.gov/MARC21/slim">

  <leader>00594nam a22001577a 4500</leader>
  <controlfield tag="008">230214b        |||||||| |||| 00| 0 eng d</controlfield>
  <datafield tag="020" ind1=" " ind2=" ">
    <subfield code="a">9789937097901</subfield>
  </datafield>
  <datafield tag="041" ind1=" " ind2=" ">
    <subfield code="a">Nep.</subfield>
  </datafield>
  <datafield tag="082" ind1=" " ind2=" ">
    <subfield code="a">N920/A563m</subfield>
  </datafield>
  <datafield tag="100" ind1=" " ind2=" ">
    <subfield code="a">&#x905;&#x927;&#x93F;&#x915;&#x93E;&#x930;&#x940;, &#x91A;&#x928;&#x94D;&#x926;&#x94D;&#x930;&#x93E;&#x926;&#x947;&#x935;&#x940;</subfield>
  </datafield>
  <datafield tag="245" ind1=" " ind2=" ">
    <subfield code="a">&#x92E;&#x947;&#x930;&#x94B; &#x91C;&#x940;&#x935;&#x928; &#x92F;&#x93E;&#x924;&#x94D;&#x930;&#x93E;.</subfield>
  </datafield>
  <datafield tag="260" ind1=" " ind2=" ">
    <subfield code="a">&#x915;&#x93E;&#x920;&#x92E;&#x93E;&#x921;&#x94C;&#x902;:</subfield>
    <subfield code="b">&#x926;&#x930;&#x94D;&#x936;&#x928; &#x905;&#x927;&#x93F;&#x915;&#x93E;&#x930;&#x940;,</subfield>
    <subfield code="c">&#x968;&#x966;&#x96D;&#x96E; &#x935;&#x93F;.</subfield>
  </datafield>
  <datafield tag="300" ind1=" " ind2=" ">
    <subfield code="b">&#x967;&#x96B;&#x966; &#x92A;&#x943;.;&#x938;&#x91A;&#x93F;&#x924;&#x94D;&#x930;</subfield>
  </datafield>
  <datafield tag="650" ind1=" " ind2=" ">
    <subfield code="a">&#x905;&#x927;&#x93F;&#x915;&#x93E;&#x930;&#x940;, &#x91A;&#x928;&#x94D;&#x926;&#x94D;&#x930;&#x93E;&#x926;&#x947;&#x935;&#x940;-&#x91C;&#x940;&#x935;&#x928;&#x940;</subfield>
  </datafield>
  <datafield tag="942" ind1=" " ind2=" ">
    <subfield code="2">ddc</subfield>
    <subfield code="c">GEN</subfield>
  </datafield>
  <datafield tag="999" ind1=" " ind2=" ">
    <subfield code="c">107597</subfield>
    <subfield code="d">107585</subfield>
  </datafield>
  <datafield tag="952" ind1=" " ind2=" ">
    <subfield code="0">0</subfield>
    <subfield code="1">0</subfield>
    <subfield code="2">ddc</subfield>
    <subfield code="4">0</subfield>
    <subfield code="7">0</subfield>
    <subfield code="a">TUCL</subfield>
    <subfield code="b">TUCL</subfield>
    <subfield code="c">NB</subfield>
    <subfield code="d">2023-02-14</subfield>
    <subfield code="l">0</subfield>
    <subfield code="o">N920/A563m</subfield>
    <subfield code="p">G87897</subfield>
    <subfield code="r">2023-02-14 00:00:00</subfield>
    <subfield code="w">2023-02-14</subfield>
    <subfield code="y">GEN</subfield>
  </datafield>
  <datafield tag="952" ind1=" " ind2=" ">
    <subfield code="0">0</subfield>
    <subfield code="1">0</subfield>
    <subfield code="2">ddc</subfield>
    <subfield code="4">0</subfield>
    <subfield code="7">0</subfield>
    <subfield code="a">TUCL</subfield>
    <subfield code="b">TUCL</subfield>
    <subfield code="c">NB</subfield>
    <subfield code="d">2023-02-14</subfield>
    <subfield code="l">0</subfield>
    <subfield code="o">N920/A563m</subfield>
    <subfield code="p">G87898</subfield>
    <subfield code="r">2023-02-14 00:00:00</subfield>
    <subfield code="w">2023-02-14</subfield>
    <subfield code="y">GEN</subfield>
  </datafield>
</record>
